[Event "III Calvia International Open"]
[Site "Calvia"]
[Date "2006.??.??"]
[Round "1.2"]
[White "Vallejo Pons, Francisco"]
[Black "Rodriguez Lopez, Rafael"]
[Result "1-0"]
[WhiteElo "2674"]
[BlackElo "2289"]
[PlyCount "59"]
[EventDate "2006.10.20"]

1. e4 c5 2. Ne2 Nc6 3. d4 cxd4 4. Nxd4 Qb6 5. Nb3 Nf6 6. Nc3 e6 7. a3 Qc7 8. g4
d5 9. exd5 Nxd5 10. Bd2 Be7 11. Qe2 Nxc3 12. Bxc3 O-O 13. O-O-O b6 14. Bg2 Bb7
15. Kb1 Rfd8 16. Be4 Rxd1+ 17. Rxd1 Rd8 18. Re1 a5 19. Qe3 a4 20. Nc1 Nb8 21.
Bxb7 Qxb7 22. Nd3 Nd7 23. g5 Nc5 24. Ne5 Rd5 25. h4 Bd6 26. Ng4 Nd7 27. h5 b5
28. g6 Nf8 29. Bxg7 hxg6 30. Qh6 1-0

[Event "III Calvia International Open"]
[Site "Calvia"]
[Date "2006.??.??"]
[Round "1.3"]
[White "Eppinger, Georg"]
[Black "Bruzon, Lazaro"]
[Result "1/2-1/2"]
[WhiteElo "2277"]
[BlackElo "2648"]
[PlyCount "77"]
[EventDate "2006.10.20"]

1. e4 c5 2. c3 Nf6 3. e5 Nd5 4. d4 cxd4 5. Nf3 e6 6. cxd4 b6 7. Nc3 Nxc3 8.
bxc3 Qc7 9. Bd2 Bb7 10. Bd3 d6 11. O-O Nd7 12. Bf4 dxe5 13. Nxe5 Nxe5 14. Bxe5
Bd6 15. Bb5+ Kf8 16. Re1 Bxe5 17. Rxe5 Rd8 18. Rc1 g6 19. Qe1 Kg7 20. Qe3 Qe7
21. f4 Qf6 22. Rf1 Rhf8 23. Bd3 Kh8 24. Be4 Bxe4 25. Qxe4 Rc8 26. Qb7 Rxc3 27.
Qxa7 Qd8 28. Rd1 Qd6 29. Qa4 Rfc8 30. d5 Qc5+ 31. Kh1 b5 32. Qa5 exd5 33. h3
Qc4 34. Rexd5 Qe4 35. Rd8+ Kg7 36. Kg1 Rc1 37. Qxb5 Rxd1+ 38. Rxd1 Qxf4 39.
Qb2+ 1/2-1/2

[Event "III Calvia International Open"]
[Site "Calvia"]
[Date "2006.??.??"]
[Round "1.4"]
[White "Nijboer, Friso"]
[Black "Grant, Jonathan"]
[Result "1-0"]
[WhiteElo "2641"]
[BlackElo "2271"]
[PlyCount "66"]
[EventDate "2006.10.20"]

1. e4 c6 2. d4 d5 3. e5 Bf5 4. Nf3 e6 5. Be2 Nd7 6. O-O h6 7. Nbd2 Ne7 8. Nb3
Bh7 9. a4 Ng6 10. a5 Be7 11. Re1 O-O 12. c4 Qc7 13. Bd2 Rac8 14. Rc1 Qb8 15.
Bf1 b5 16. axb6 axb6 17. cxd5 exd5 18. Bd3 c5 19. Bf5 Rc7 20. e6 fxe6 21. Bxe6+
Kh8 22. Bxd5 Nf6 23. Be6 Nh5 24. Ne5 Nxe5 25. dxe5 Nf4 26. Bxf4 Rxf4 27. Qd5
Qf8 28. Ra1 c4 29. Nd2 Bc5 30. Nf3 Re7 31. Ra4 Bd3 32. b4 Rxe6 33. bxc5 b5 1-0

[Event "III Calvia International Open"]
[Site "Calvia"]
[Date "2006.??.??"]
[Round "1.5"]
[White "Barcelo, Pedro"]
[Black "Spraggett, Kevin"]
[Result "0-1"]
[WhiteElo "2261"]
[BlackElo "2610"]
[PlyCount "66"]
[EventDate "2006.10.20"]

1. Nf3 Nf6 2. c4 c5 3. g3 b6 4. Bg2 Bb7 5. O-O e6 6. Nc3 Be7 7. Re1 d6 8. e4
Nbd7 9. d4 cxd4 10. Nxd4 Qc7 11. Be3 Rc8 12. Rc1 Qb8 13. b3 O-O 14. f4 a6 15.
f5 e5 16. Nc2 b5 17. Nd5 Bd8 18. cxb5 axb5 19. Ncb4 Rxc1 20. Bxc1 Ba5 21. Bd2
Bxd5 22. exd5 Qa7+ 23. Be3 Qb7 24. a3 Ra8 25. g4 h6 26. h4 h5 27. gxh5 Bb6 28.
Nc2 Rc8 29. Kh1 Nxh5 30. Qxh5 Rxc2 31. Bg5 Qc8 32. Be4 Qc3 33. Re3 Qa1+ 0-1

[Event "III Calvia International Open"]
[Site "Calvia"]
[Date "2006.??.??"]
[Round "1.6"]
[White "Damljanovic, Branko"]
[Black "Tattersall, Lester"]
[Result "1-0"]
[WhiteElo "2595"]
[BlackElo "2254"]
[PlyCount "51"]
[EventDate "2006.10.20"]

1. d4 Nf6 2. Nf3 g6 3. c4 Bg7 4. Nc3 O-O 5. e4 d6 6. h3 e5 7. d5 Na6 8. Bg5 h6
9. Be3 Nh5 10. Nh2 Nf4 11. Qd2 f5 12. g3 g5 13. h4 Qf6 14. hxg5 hxg5 15. O-O-O
fxe4 16. Nxe4 Qg6 17. f3 Nh3 18. Bd3 Bf5 19. Ng4 Bxg4 20. fxg4 Nf4 21. gxf4
gxf4 22. Bf2 Qxg4 23. Rdg1 Qd7 24. Ng5 Rf6 25. Bh7+ Kf8 26. Be4 1-0

[Event "III Calvia International Open"]
[Site "Calvia"]
[Date "2006.??.??"]
[Round "1.7"]
[White "Ehsan, Ali"]
[Black "Hamdouchi, Hichem"]
[Result "0-1"]
[WhiteElo "2236"]
[BlackElo "2582"]
[PlyCount "112"]
[EventDate "2006.10.20"]

1. e4 c5 2. b3 a6 3. Bb2 Nc6 4. Nf3 e6 5. c4 d5 6. exd5 exd5 7. cxd5 Nb4 8. Be2
Bf5 9. d3 Nf6 10. O-O Be7 11. a3 Nbxd5 12. d4 Nf4 13. Re1 O-O 14. Bf1 Bg4 15.
Qd2 Ne6 16. dxc5 Bxf3 17. gxf3 Bxc5 18. Qxd8 Raxd8 19. Rc1 Bd4 20. Ra2 Rc8 21.
Rc4 Rfd8 22. Bxd4 Nxd4 23. Nd2 Rxc4 24. Bxc4 b5 25. Bf1 Nd5 26. Ra1 Nc3 27. Re1
Nc2 28. Re7 Nxa3 29. Ra7 g5 30. Rxa6 Rxd2 31. Rxa3 Rd1 32. f4 gxf4 33. b4 Nb1
34. Rd3 Nd2 35. Kg2 f3+ 36. Kh3 Kg7 37. Rd5 Rxf1 38. Rxd2 Rb1 39. Rd4 Kf6 40.
Kg3 Ke5 41. Rh4 f5 42. Kxf3 Rb3+ 43. Ke2 f4 44. Rh5+ Ke4 45. Rxb5 Rb2+ 46. Ke1
Kf3 47. Rh5 Rb1+ 48. Kd2 Rxb4 49. Rxh7 Kxf2 50. Rd7 f3 51. Rf7 Rd4+ 52. Kc3 Rh4
53. Kd3 Rxh2 54. Kd2 Rh8 55. Rd7 Rg8 56. Rd6 Kg2 0-1

[Event "III Calvia International Open"]
[Site "Calvia"]
[Date "2006.??.??"]
[Round "1.8"]
[White "Ghaem Maghami, Ehsan"]
[Black "Tscharotschkin, Michael"]
[Result "1-0"]
[WhiteElo "2580"]
[BlackElo "2215"]
[PlyCount "33"]
[EventDate "2006.10.20"]

1. c4 e5 2. Nc3 Nf6 3. Nf3 Nc6 4. d4 exd4 5. Nxd4 Nxd4 6. Qxd4 Be7 7. e4 d6 8.
Be2 O-O 9. O-O b6 10. b3 Bb7 11. Bb2 Ne8 12. Rae1 Bf6 13. Qd2 Bxc3 14. Qxc3
Bxe4 15. Bh5 Qh4 16. Rxe4 Qxe4 17. Bf3 1-0

[Event "III Calvia International Open"]
[Site "Calvia"]
[Date "2006.??.??"]
[Round "1.9"]
[White "Fogel, Pierre"]
[Black "Bartel, Mateusz"]
[Result "0-1"]
[WhiteElo "2202"]
[BlackElo "2569"]
[PlyCount "50"]
[EventDate "2006.10.20"]

1. d4 Nf6 2. c4 e6 3. Nc3 Bb4 4. g3 c5 5. Nf3 cxd4 6. Nxd4 a6 7. Qb3 Be7 8. Bg2
Nc6 9. Nxc6 bxc6 10. O-O Qc7 11. Rd1 O-O 12. Qc2 d5 13. Na4 Qb8 14. b3 e5 15.
Bb2 Be6 16. Rac1 Ra7 17. h3 d4 18. Qd2 c5 19. Ba3 Rc8 20. e3 a5 21. exd4 exd4
22. Re1 Bd6 23. Re2 h6 24. Rce1 Bf5 25. Nc3 dxc3 0-1

[Event "III Calvia International Open"]
[Site "Calvia"]
[Date "2006.??.??"]
[Round "1.10"]
[White "Heberla, Bartlomiej"]
[Black "Uribe Arteaga, Daniel"]
[Result "1-0"]
[WhiteElo "2569"]
[BlackElo "2202"]
[PlyCount "49"]
[EventDate "2006.10.20"]

1. e4 e5 2. Nf3 d6 3. d4 Nf6 4. dxe5 Nxe4 5. Qd5 Nc5 6. Bg5 Qd7 7. exd6 Bxd6 8.
Nc3 Nc6 9. Nb5 Nb4 10. Nxd6+ Qxd6 11. Qxd6 cxd6 12. O-O-O Nxa2+ 13. Kb1 Nb4 14.
Rxd6 Bf5 15. Bb5+ Kf8 16. Nd4 Bg6 17. Re1 Ne4 18. Rxg6 hxg6 19. Rxe4 Kg8 20. c3
Nd5 21. Bc4 Nb6 22. Bb3 Rxh2 23. Rf4 Kh7 24. Rxf7 Rxg2 25. Ne6 1-0

[Event "III Calvia International Open"]
[Site "Calvia"]
[Date "2006.??.??"]
[Round "1.11"]
[White "Planas Gene, Juan"]
[Black "Andersson, Ulf"]
[Result "0-1"]
[WhiteElo "2191"]
[BlackElo "2542"]
[PlyCount "106"]
[EventDate "2006.10.20"]

1. d4 Nf6 2. c4 e6 3. Nc3 d5 4. Bg5 Be7 5. e3 Nbd7 6. Nf3 h6 7. Bh4 Ne4 8. Bxe7
Qxe7 9. cxd5 Nxc3 10. bxc3 exd5 11. Bd3 O-O 12. O-O c5 13. Qe2 Rd8 14. Rab1 b6
15. e4 dxe4 16. Bxe4 Bb7 17. Rfe1 Qxe4 18. Qxe4 Bxe4 19. Rxe4 Nf6 20. Re5 cxd4
21. cxd4 Rac8 22. h3 Nd5 23. Rb5 Nc3 24. Rb2 Rc7 25. Rc2 f6 26. Re3 Rdc8 27.
Nh4 Nb5 28. Rxc7 Rxc7 29. Nf5 Rd7 30. Kf1 Kf7 31. Rb3 Nc7 32. Rc3 Ne6 33. Rd3
h5 34. Ra3 g6 35. d5 gxf5 36. dxe6+ Kxe6 37. Re3+ Kf7 38. Rc3 Ke6 39. Ke2 Rd4
40. Ra3 a5 41. Rb3 Rb4 42. Rxb4 axb4 43. Ke3 Ke5 44. g3 f4+ 45. gxf4+ Kd5 46.
Kd3 f5 47. h4 Kc5 48. f3 Kd5 49. Kc2 Kc4 50. Kb2 b5 51. Kc2 b3+ 52. axb3+ Kd4
53. Kd2 b4 0-1

[Event "III Calvia International Open"]
[Site "Calvia"]
[Date "2006.??.??"]
[Round "1.12"]
[White "Romanishin, Oleg M"]
[Black "Janse, Paul"]
[Result "1-0"]
[WhiteElo "2542"]
[BlackElo "2189"]
[PlyCount "63"]
[EventDate "2006.10.20"]

1. d4 d5 2. Nf3 Nc6 3. g3 Bg4 4. Bg2 Qd7 5. Bf4 f6 6. Nbd2 O-O-O 7. h3 Bh5 8.
c3 g5 9. Be3 e6 10. b4 Bd6 11. Nb3 Kb8 12. a4 Be8 13. Qd2 h5 14. b5 Nce7 15.
Nc5 Qc8 16. O-O Nf5 17. Ne1 Nge7 18. Ned3 Bf7 19. a5 Nxe3 20. Qxe3 e5 21. Nb4
e4 22. Qd2 h4 23. b6 hxg3 24. a6 gxf2+ 25. Rxf2 Bxc5 26. axb7 Qxb7 27. dxc5
cxb6 28. Rxf6 Nc8 29. c6 Qe7 30. Qxg5 Rdg8 31. Qf4+ Ka8 32. Na6 1-0

[Event "III Calvia International Open"]
[Site "Calvia"]
[Date "2006.??.??"]
[Round "1.13"]
[White "Hoenick, Andreas"]
[Black "Strikovic, Aleksa"]
[Result "0-1"]
[WhiteElo "2177"]
[BlackElo "2535"]
[PlyCount "68"]
[EventDate "2006.10.20"]

1. d4 d6 2. c4 e5 3. Nf3 e4 4. Ng5 Nf6 5. g3 h6 6. Nh3 Bf5 7. Bg2 c6 8. f3 exf3
9. exf3 d5 10. O-O dxc4 11. Qe2+ Be7 12. Qxc4 Nbd7 13. Rd1 O-O 14. Nc3 Nb6 15.
Qb3 a5 16. a4 Be6 17. Qc2 Nbd5 18. Nxd5 Nxd5 19. Nf4 Nb4 20. Qc3 Bf5 21. Be3 g5
22. Nh5 Nd5 23. Qb3 Bg6 24. g4 Ra6 25. Bd2 Rb6 26. Qa2 Bb4 27. Rac1 Bxd2 28.
Rxd2 Bxh5 29. gxh5 Qf6 30. Qc4 Re8 31. Qc5 Qf4 32. Rcd1 Rb4 33. Qxa5 Kg7 34.
Qa7 Re1+ 0-1

[Event "III Calvia International Open"]
[Site "Calvia"]
[Date "2006.??.??"]
[Round "1.15"]
[White "Fokin, Sergey"]
[Black "Dziuba, Marcin"]
[Result "0-1"]
[WhiteElo "2157"]
[BlackElo "2535"]
[PlyCount "74"]
[EventDate "2006.10.20"]

1. d4 Nf6 2. c4 g6 3. Nc3 Bg7 4. e4 O-O 5. Nf3 d6 6. Be2 Nbd7 7. O-O e5 8. Re1
c6 9. Bf1 Nh5 10. Bg5 Qe8 11. Qd2 f6 12. Be3 f5 13. exf5 gxf5 14. dxe5 dxe5 15.
Bh6 e4 16. Bxg7 Nxg7 17. Nd4 Ne5 18. f3 Qg6 19. f4 Ng4 20. h3 Nf6 21. Qf2 Kh8
22. c5 Bd7 23. Rad1 Rae8 24. b4 Ngh5 25. Bc4 Re7 26. Re3 Rg7 27. Nde2 b5 28.
Bb3 a5 29. a3 axb4 30. axb4 Ra8 31. Ba2 Be8 32. Rd6 Qh6 33. Qh4 Rg6 34. Qf2 Ra7
35. Kf1 Nd5 36. Nxd5 Rxa2 37. Ndc3 Rxd6 0-1

[Event "III Calvia International Open"]
[Site "Calvia"]
[Date "2006.??.??"]
[Round "1.16"]
[White "Conquest, Stuart"]
[Black "Torres Tur, Juan"]
[Result "1-0"]
[WhiteElo "2530"]
[BlackElo "2154"]
[PlyCount "37"]
[EventDate "2006.10.20"]

1. d4 f5 2. Bg5 g6 3. Nf3 Bg7 4. e3 Nf6 5. Bd3 O-O 6. Nbd2 d6 7. c3 Nbd7 8.
Qb3+ Kh8 9. h4 Qe8 10. h5 Nxh5 11. g4 fxg4 12. Nh4 Ndf6 13. O-O-O e5 14. Qc2 e4
15. Nxe4 Nxe4 16. Bxe4 Rxf2 17. Rd2 Rxd2 18. Kxd2 Ng3 19. Nxg6+ 1-0

[Event "III Calvia International Open"]
[Site "Calvia"]
[Date "2006.??.??"]
[Round "1.17"]
[White "Oliver Serrano, Angel"]
[Black "Cramling, Pia"]
[Result "0-1"]
[WhiteElo "2153"]
[BlackElo "2528"]
[PlyCount "102"]
[EventDate "2006.10.20"]

1. e4 c5 2. Nf3 e6 3. d4 cxd4 4. Nxd4 a6 5. c4 Nf6 6. Nc3 Qc7 7. Bd3 Nc6 8.
Nxc6 dxc6 9. O-O e5 10. h3 Be6 11. Qe2 Bc5 12. Be3 Nd7 13. Rac1 O-O 14. Rfd1
Rfd8 15. Nd5 Qd6 16. Bb1 Bd4 17. Bxd4 exd4 18. Rxd4 cxd5 19. Rcd1 Qb6 20. exd5
Nf8 21. Qd3 Bd7 22. b3 Re8 23. a3 a5 24. Bc2 Qd6 25. a4 Re7 26. Qd2 b6 27. Re4
Rxe4 28. Bxe4 Re8 29. Bf3 Bf5 30. Rc1 Nd7 31. Rc3 Qb4 32. Qc1 h6 33. Re3 Rd8
34. Re1 Nc5 35. Re3 Nxb3 36. Qb2 Nd2 37. Qe5 Bd7 38. Be2 Rc8 39. Rg3 g6 40. Qf6
Qb1+ 41. Kh2 Qf5 42. Qxb6 Nxc4 43. Bxc4 Rxc4 44. Qxa5 Rxa4 45. Qc7 Rf4 46. Ra3
Rxf2 47. Ra8+ Kh7 48. Qb8 Qf4+ 49. Qxf4 Rxf4 50. Ra7 Bb5 51. d6 Kg7 0-1

[Event "III Calvia International Open"]
[Site "Calvia"]
[Date "2006.??.??"]
[Round "1.18"]
[White "Hernandez, Holden"]
[Black "Linik, Yaron"]
[Result "1-0"]
[WhiteElo "2524"]
[BlackElo "2150"]
[PlyCount "95"]
[EventDate "2006.10.20"]

1. Nf3 Nf6 2. c4 g6 3. Nc3 d5 4. Qa4+ Bd7 5. Qb3 dxc4 6. Qxc4 Nc6 7. e4 e5 8.
d4 exd4 9. Nxd4 Ne5 10. Qb3 c5 11. Nf3 Nxf3+ 12. gxf3 Qc7 13. Bg5 Bg7 14. O-O-O
O-O 15. h4 Be6 16. Bc4 Bxc4 17. Qxc4 a6 18. Qe2 Nh5 19. Nd5 Qa5 20. Kb1 Rfe8
21. Qd2 Qxd2 22. Rxd2 Be5 23. f4 Bd4 24. Nc7 f6 25. Bh6 Rad8 26. Nxe8 Rxe8 27.
Re1 b5 28. Rde2 Kf7 29. f5 gxf5 30. exf5 Re5 31. Be3 Bxe3 32. fxe3 Ng3 33. Rd2
Nxf5 34. Rd7+ Kg6 35. Rg1+ Kh6 36. Rf1 Kg6 37. h5+ Kxh5 38. e4 Ng3 39. Rxf6
Nxe4 40. Rxa6 c4 41. Rxh7+ Kg4 42. Rf7 Ng5 43. Rg6 Kh5 44. Rfg7 b4 45. Rg8 b3
46. Rxg5+ Rxg5 47. Rxg5+ Kxg5 48. a4 1-0

[Event "III Calvia International Open"]
[Site "Calvia"]
[Date "2006.??.??"]
[Round "1.19"]
[White "Guennoun, Anthony"]
[Black "Godena, Michele"]
[Result "0-1"]
[WhiteElo "2122"]
[BlackElo "2522"]
[PlyCount "66"]
[EventDate "2006.10.20"]

1. e4 e5 2. Nf3 Nc6 3. Bb5 a6 4. Ba4 Nf6 5. O-O b5 6. Bb3 Bc5 7. d3 d6 8. a4
Rb8 9. axb5 axb5 10. h3 O-O 11. Nc3 h6 12. Nd5 Nxd5 13. exd5 Nd4 14. Nxd4 Bxd4
15. c3 Bb6 16. Qf3 f5 17. Be3 Bxe3 18. fxe3 Bd7 19. Ra6 Qg5 20. Ra7 Rbc8 21.
Kh2 f4 22. e4 Rf6 23. Rfa1 Qh4 24. Ra8 Rxa8 25. Rxa8+ Kh7 26. Rd8 Rf7 27. Rb8
g5 28. Kg1 g4 29. Qf2 Qg5 30. hxg4 Bxg4 31. Rxb5 Rg7 32. Kh1 Qh5+ 33. Kg1 Bh3
0-1

[Event "III Calvia International Open"]
[Site "Calvia"]
[Date "2006.??.??"]
[Round "1.20"]
[White "Sulskis, Sarunas"]
[Black "Mercant Simon, Jaume"]
[Result "1-0"]
[WhiteElo "2518"]
[BlackElo "2108"]
[PlyCount "89"]
[EventDate "2006.10.20"]

1. e4 e6 2. d4 d5 3. Nc3 Bb4 4. e5 c5 5. a3 Bxc3+ 6. bxc3 Ne7 7. Qg4 Qc7 8.
Qxg7 Rg8 9. Qxh7 cxd4 10. Ne2 Nbc6 11. f4 Bd7 12. Qd3 dxc3 13. g3 Rh8 14. Rb1
a6 15. Qxc3 Rc8 16. Bg2 b5 17. Be3 Nf5 18. Bf2 Qa5 19. Qxa5 Nxa5 20. c3 Nc4 21.
Ra1 Nfe3 22. Bxe3 Nxe3 23. Kf2 Nxg2 24. Kxg2 d4 25. Nxd4 Rxc3 26. Rhc1 Rd3 27.
Rd1 Rc3 28. Ra2 Ke7 29. Rc2 Rhc8 30. Rdc1 Rxc2+ 31. Rxc2 Rxc2+ 32. Nxc2 Bc6+
33. Kf2 a5 34. Ke3 Bd5 35. Kd4 Bb3 36. Ne3 f6 37. Kc5 fxe5 38. fxe5 b4 39. axb4
axb4 40. h4 Ba2 41. Kxb4 Bb1 42. Kc5 Be4 43. Ng4 Bf5 44. Nf6 Kf7 45. g4 1-0

[Event "III Calvia International Open"]
[Site "Calvia"]
[Date "2006.??.??"]
[Round "1.22"]
[White "Neelotpal, Das"]
[Black "Campos Calvo-Sotelo, Juan"]
[Result "1-0"]
[WhiteElo "2490"]
[BlackElo "2086"]
[PlyCount "59"]
[EventDate "2006.10.20"]

1. e4 e6 2. d4 a6 3. Nf3 b5 4. Bd3 c5 5. O-O Bb7 6. Re1 cxd4 7. Nxd4 Nc6 8.
Nxc6 Bxc6 9. Nc3 Nf6 10. Qf3 Be7 11. Qg3 b4 12. Nb1 d5 13. e5 Nh5 14. Qg4 g6
15. Nd2 Qc7 16. Nf3 Bb5 17. Bh6 Bxd3 18. cxd3 Qc2 19. Rac1 Qxd3 20. Rc7 a5 21.
Nd4 Qa6 22. Rec1 Bd8 23. R7c6 Qb7 24. Nxe6 fxe6 25. Qxe6+ Qe7 26. Qxd5 Ng7 27.
Bxg7 Qxg7 28. Re6+ Be7 29. Qxa8+ Kf7 30. Rxe7+ 1-0

[Event "III Calvia International Open"]
[Site "Calvia"]
[Date "2006.??.??"]
[Round "1.23"]
[White "Munar Rossello, Pedro"]
[Black "Dimakiling, Oliver"]
[Result "0-1"]
[WhiteElo "2084"]
[BlackElo "2476"]
[PlyCount "58"]
[EventDate "2006.10.20"]

1. e4 e5 2. Nf3 Nc6 3. d4 exd4 4. Nxd4 Bb4+ 5. c3 Be7 6. Bd3 d6 7. O-O Nf6 8.
a4 O-O 9. Na3 Ne5 10. Bc2 c5 11. Ne2 Ng6 12. Bg5 Nxe4 13. Bxe4 Bxg5 14. Nc4 Qe7
15. Bxg6 hxg6 16. Nxd6 Rd8 17. Nxc8 Raxc8 18. Qe1 Bd2 19. Qd1 Bxc3 20. Qc2 Bf6
21. Rad1 c4 22. Rxd8+ Qxd8 23. b3 c3 24. Rd1 Qa5 25. Nf4 Qf5 26. Qxf5 gxf5 27.
Nd5 c2 28. Nxf6+ gxf6 29. Rc1 Rd8 0-1

[Event "III Calvia International Open"]
[Site "Calvia"]
[Date "2006.??.??"]
[Round "1.25"]
[White "Serrano Bozada, Esteban"]
[Black "Libiszewski, Fabien"]
[Result "0-1"]
[WhiteElo "2073"]
[BlackElo "2469"]
[PlyCount "94"]
[EventDate "2006.10.20"]

1. e4 e6 2. d4 d5 3. exd5 exd5 4. Bd3 Nc6 5. c3 Bd6 6. Nf3 Bg4 7. O-O Nge7 8.
b4 Qd7 9. Bg5 f6 10. Bh4 Ng6 11. Re1+ Nce7 12. Bg3 Nf4 13. Bxf4 Bxf4 14. Qe2
Bd6 15. Nbd2 O-O 16. h3 Bf5 17. Nh4 Bxd3 18. Qxd3 Rfe8 19. Re2 a5 20. bxa5 Rxa5
21. Nb3 Ra4 22. Rae1 Rea8 23. Nc5 Bxc5 24. dxc5 Nc6 25. Nf5 Ne5 26. Qxd5+ Qxd5
27. Ne7+ Kf7 28. Nxd5 Rxa2 29. f4 Rxe2 30. Rxe2 Ra1+ 31. Kh2 Ng6 32. f5 Ne5 33.
Nxc7 Rb1 34. Ne6 g6 35. fxg6+ hxg6 36. Ng5+ {Diagrama} 36... Ke7 37. Ne4 Rb5
38. Re3 Ke6 39. g4 f5 40. gxf5+ gxf5 41. Ng5+ Kd5 42. Nf3 Nc4 43. Re7 f4 44.
Nd4 Rb2+ 45. Re2 Rb1 46. h4 Ne3 47. Kh3 Rc1 0-1

[Event "III Calvia International Open"]
[Site "Calvia"]
[Date "2006.??.??"]
[Round "1.26"]
[White "Pogorelov, Ruslan"]
[Black "Tate, Alan"]
[Result "1-0"]
[WhiteElo "2462"]
[BlackElo "2052"]
[PlyCount "148"]
[EventDate "2006.10.20"]

1. Nf3 c5 2. c4 Nc6 3. d4 cxd4 4. Nxd4 Nf6 5. Nc3 e6 6. a3 Qb6 7. Nb3 Be7 8. e4
d6 9. Be3 Qc7 10. Be2 O-O 11. Rc1 b6 12. Nd5 Qd8 13. Nxe7+ Qxe7 14. f3 Rd8 15.
O-O Bb7 16. Nd4 Nxd4 17. Bxd4 Nd7 18. Re1 e5 19. Bf2 Nf8 20. Bf1 Ne6 21. Re2 h5
22. Rd2 Rd7 23. Rc3 Rad8 24. a4 g5 25. a5 bxa5 26. Ra3 g4 27. Rxa5 Qg5 28. Kh1
h4 29. Qe1 g3 30. hxg3 hxg3 31. Bxg3 Kg7 32. Kg1 f6 33. Rxa7 Nd4 34. Rxd4 exd4
35. Bf2 d3 36. Bxd3 Rg8 37. Qb4 Kh8 38. Bf1 Rgg7 39. Bd4 Qf4 40. Qc3 Rg6 41. c5
dxc5 42. Qxc5 Kh7 43. Qb4 Rgg7 44. Qb6 Rd6 45. Qc5 Rdd7 46. Qc3 Rc7 47. Qe3 Qh4
48. Bc3 Rce7 49. Ra5 Rg6 50. Rf5 Bc8 51. Qf4 Qxf4 52. Rxf4 Kg7 53. Kf2 Be6 54.
g4 Rf7 55. Bb5 Rg5 56. Be8 Rf8 57. Bh5 Bb3 58. Rf5 Rxf5 59. gxf5 Rh8 60. Bg4
Kf7 61. f4 Bc2 62. e5 Rh4 63. Kg3 Rh1 64. exf6 Rg1+ 65. Kh3 Bd1 66. Bxd1 Rxd1
67. Kg2 Rd5 68. Be5 Rd3 69. Kf2 Rh3 70. Ke2 Rb3 71. Kd2 Ke8 72. Kc2 Rh3 73. b4
Kd7 74. b5 Ra3 1-0

[Event "III Calvia International Open"]
[Site "Calvia"]
[Date "2006.??.??"]
[Round "1.27"]
[White "Coimbra, Margarida"]
[Black "Movsziszian, Karen"]
[Result "0-1"]
[WhiteElo "2047"]
[BlackElo "2456"]
[PlyCount "64"]
[EventDate "2006.10.20"]

1. e4 d6 2. d4 g6 3. Nc3 c6 4. Be3 b5 5. Qd2 Nd7 6. f3 Ngf6 7. g4 Nb6 8. Bd3 h5
9. g5 Nfd7 10. h4 e5 11. Nge2 Bg7 12. f4 O-O 13. dxe5 dxe5 14. f5 Re8 15. Ng3
Bb7 16. O-O-O Qc7 17. Rdf1 b4 18. Nd1 c5 19. Qf2 Rf8 20. Qe1 c4 21. Be2 b3 22.
axb3 cxb3 23. Qc3 Qxc3 24. Nxc3 Rfc8 25. cxb3 Bf8 26. Kb1 Bb4 27. Na4 Nxa4 28.
bxa4 Bc5 29. Bd2 Bd4 30. fxg6 fxg6 31. Bb4 Rab8 32. Bd6 Bxe4+ 0-1

[Event "III Calvia International Open"]
[Site "Calvia"]
[Date "2006.??.??"]
[Round "1.28"]
[White "Manik, Mikulas"]
[Black "Haraldsson, Leif"]
[Result "1-0"]
[WhiteElo "2454"]
[BlackElo "2047"]
[PlyCount "63"]
[EventDate "2006.10.20"]

1. e4 e5 2. Nf3 Qe7 3. Bc4 d6 4. O-O h6 5. d4 g5 6. Nc3 c6 7. a4 a5 8. b3 Qf6
9. Bb2 Nd7 10. Qd2 Ne7 11. Rad1 Ng6 12. dxe5 dxe5 {Diagrama} 13. Nb5 cxb5 14.
Bxb5 Bb4 15. Bxd7+ Ke7 16. c3 Bd6 17. Bxc8 Rhxc8 18. c4 Rd8 19. Qe3 g4 20. Ne1
Rac8 21. Rd5 Nf4 22. Rxa5 Bc7 23. Rb5 b6 24. g3 Nh3+ 25. Kg2 Bd6 26. Rd5 Bc5
27. Qe2 Bd4 28. Bxd4 exd4 29. Qxg4 Ng5 30. Nd3 Rxd5 31. exd5 Kf8 32. Qxc8+ 1-0

[Event "III Calvia International Open"]
[Site "Calvia"]
[Date "2006.??.??"]
[Round "1.29"]
[White "Ruprich, Udo"]
[Black "Laylo, Darwin"]
[Result "0-1"]
[WhiteElo "2035"]
[BlackElo "2448"]
[PlyCount "112"]
[EventDate "2006.10.20"]

1. e4 d5 2. exd5 Nf6 3. Nf3 Qxd5 4. Nc3 Qh5 5. d4 Bg4 6. Be3 Bxf3 7. Qxf3 Qxf3
8. gxf3 e6 9. O-O-O c6 10. h4 Nbd7 11. Ne4 Be7 12. Be2 Rd8 13. Kb1 O-O 14. Rdg1
Kh8 15. c3 b5 16. Bf4 Nd5 17. Bd2 h6 18. Rh3 f5 19. Ng3 N7f6 20. Bd3 Bd6 21. h5
Bf4 22. Be1 a6 23. Ne2 Rf7 24. Bc2 Bg5 25. Rhh1 Nd7 26. b3 N7b6 27. Rxg5 hxg5
28. Rg1 Nf4 29. Nc1 Nxh5 30. Rxg5 Nf6 31. Nd3 Nbd7 32. Nf4 Re8 33. Rg1 Kg8 34.
Ng6 Nh7 35. Bd2 Nhf8 36. Nh4 Nf6 37. Bf4 Nd5 38. Bd2 Rc7 39. c4 Nb6 40. Bf4 Rd7
41. c5 Nd5 42. Be5 Nc3+ 43. Kb2 Ne2 44. Rd1 Red8 45. Bd6 Rxd6 46. cxd6 Rxd6 47.
Rd2 Nxd4 48. Kc3 c5 49. f4 b4+ 50. Kc4 Nd7 51. Ng6 Kf7 52. Ne5+ Nxe5+ 53. fxe5
Rd5 54. f4 g5 55. fxg5 Kg6 56. Rg2 Nb5 0-1

[Event "III Calvia International Open"]
[Site "Calvia"]
[Date "2006.??.??"]
[Round "1.30"]
[White "Borges Mateos, Juan"]
[Black "Ruiz Vinals, Matias"]
[Result "1-0"]
[WhiteElo "2431"]
[BlackElo "2030"]
[PlyCount "51"]
[EventDate "2006.10.20"]

1. Nf3 d5 2. d4 c6 3. c4 e6 4. Qc2 Nf6 5. g3 dxc4 6. Qxc4 b5 7. Qc2 Bb7 8. Bg2
Be7 9. O-O O-O 10. Nbd2 Qb6 11. Nb3 Na6 12. Ne5 Rac8 13. Bd2 b4 14. Nd3 c5 15.
Bxb7 Qxb7 16. dxc5 Rfd8 17. Rac1 Rd5 18. c6 Qb5 19. Qc4 Qa4 20. a3 Nb8 21. Bxb4
Bxb4 22. Nxb4 Rh5 23. Rfd1 Nd5 24. Nxd5 Qxc4 25. Ne7+ Kf8 26. Nxc8 1-0

[Event "III Calvia International Open"]
[Site "Calvia"]
[Date "2006.??.??"]
[Round "1.31"]
[White "Cerdo Fernandez, Miguel"]
[Black "Jones, Gawain C"]
[Result "0-1"]
[WhiteElo "2018"]
[BlackElo "2430"]
[PlyCount "96"]
[EventDate "2006.10.20"]

1. e4 c5 2. Nf3 d6 3. d4 cxd4 4. Nxd4 Nf6 5. Nc3 g6 6. Be2 Bg7 7. O-O O-O 8.
Bg5 Nc6 9. Nb3 a6 10. a4 b6 11. Qd2 Bb7 12. f3 Re8 13. Nd5 e6 14. Nxf6+ Bxf6
15. Bxf6 Qxf6 16. c3 Qe7 17. Nd4 Qc7 18. Nc2 d5 19. exd5 Rad8 20. Ne3 exd5 21.
Ng4 Qe7 22. Rfe1 h5 23. Nf2 Qf8 24. Bd3 Ne5 25. Kh1 Qc5 26. f4 Nc4 27. Bxc4
dxc4 28. Rxe8+ Rxe8 29. Re1 Rxe1+ 30. Qxe1 Qc6 31. Qf1 Qxa4 32. Nh3 Qc2 33. Qf2
Qe4 34. Ng1 b5 35. Ne2 a5 36. h3 b4 37. Ng3 Qc6 38. f5 b3 39. Ne2 a4 40. Nf4
Qe4 41. fxg6 fxg6 42. Qd2 a3 43. bxa3 Bc6 44. Qd8+ Kh7 45. Qf8 b2 46. Qf7+ Kh6
47. Qf8+ Kg5 48. h4+ Kg4 0-1

[Event "III Calvia International Open"]
[Site "Calvia"]
[Date "2006.??.??"]
[Round "1.32"]
[White "Zawadzki, Stanislaw"]
[Black "Loerke, Reinhard"]
[Result "1-0"]
[WhiteElo "2422"]
[BlackElo "2014"]
[PlyCount "93"]
[EventDate "2006.10.20"]

1. e4 e5 2. Nf3 Nc6 3. Bb5 Bc5 4. O-O Nd4 5. Nxd4 Bxd4 6. c3 Bb6 7. d4 c6 8.
Be2 d6 9. Kh1 Nf6 10. f3 Be6 11. Na3 Qe7 12. Nc4 Bc7 13. Bg5 h6 14. Bh4 g5 15.
Bf2 h5 16. Qd2 b5 17. Na3 O-O-O 18. d5 Bd7 19. dxc6 Bxc6 20. Bxb5 Bb7 21. Bxa7
g4 22. Qe2 h4 23. Ba6 Nh5 24. Qb5 Ng3+ 25. Kg1 Bxa6 26. Qxa6+ Kd7 27. Rf2 f5
28. Qa4+ Kc8 29. Qa6+ Kd7 30. Nb5 Rc8 31. Qb7 Ke6 32. exf5+ Kf6 33. fxg4 Rhd8
34. Be3 d5 35. Qc6+ Bd6 36. g5+ Kf7 37. Qxd5+ Ke8 38. Rd1 Bc5 39. Qg8+ Qf8 40.
Qxf8+ Bxf8 41. Rxd8+ Rxd8 42. hxg3 hxg3 43. Rd2 Rb8 44. Rd5 e4 45. Bf4 Rb6 46.
Bxg3 e3 47. Kf1 1-0